| 000 | 00448nam a2200169Ia 4500 | ||
|---|---|---|---|
| 001 | 39042 | ||
| 008 | 140423s9999 xx 000 0 und d | ||
| 020 | _a9780091923419 | ||
| 040 | _cPK-LaUMT | ||
| 082 |
_a 658.409 _bFOX-H |
||
| 100 | _aFox, Jeffrey J. | ||
| 245 |
_aHow to get to the top _bbusiness lessons learned at the dinner table _cFox, Jeffrey J. |
||
| 260 |
_aLondon,UK: _bVerso, _c2007 |
||
| 300 | _a204 p. | ||
| 546 | _aEN | ||
| 942 | _cBK | ||
| 999 |
_c38357 _d38357 |
||